000 00319nam a22001337a 4500
008 170714b xxu||||| |||| 00| 0 eng d
020 _a9780060158620
041 _aeng
080 _a030
100 _a24
101 _aFJA
245 _aMORRIS DICTIONARY WORLD AND PHRASE ORIGINS
_cMORIS.M
942 _2udc
_cBK
999 _c20882
_d20882